[Event "BRA-ch sf Reg2 86th"]
[Site "Recife"]
[Date "2019.12.20"]
[Round "3"]
[White "Leite, Joao Carlos Zirpoli"]
[Black "De la Torre, Alexander Lucas Ban"]
[Result "1/2-1/2"]
[WhiteElo "1649"]
[BlackElo "1775"]
[PlyCount "43"]
[EventDate "2019.12.19"]
[EventType "swiss"]
[EventRounds "7"]
[EventCountry "BRA"]
[SourceTitle "CBM 194 Extra"]
[Source "ChessBase"]
[SourceDate "2020.03.31"]
[SourceVersion "1"]
[SourceVersionDate "2020.03.31"]
[SourceQuality "1"]

1. e4 c5 2. Nf3 e6 3. d4 cxd4 4. Nxd4 Nf6 5. Bd3 Nc6 6. Nb3 Be7 7. Nc3 0-0 8. Be3 a6 9. f4 b5 10. e5 Nd5 11. Nxd5 exd5 12. Qh5 h6 13. Qf3 Nb4 14. 0-0 Nxd3 15. cxd3 Bb7 16. d4 f6 17. Qg4 f5 18. Qh3 d6 19. Rf3 dxe5 20. Rg3 Kh7 21. dxe5 Bh4 22. Nc5 1/2-1/2

[Event "Joao Pessoa de Assis Memorial 1st"]
[Site "Joao Pessoa"]
[Date "2019.11.17"]
[Round "6"]
[White "Leite, Joao Carlos Zirpoli"]
[Black "De Almeida, Valdemiza Gurgel"]
[Result "1-0"]
[WhiteElo "1646"]
[BlackElo "1353"]
[PlyCount "67"]
[EventDate "2019.11.15"]
[EventType "swiss"]
[EventRounds "6"]
[EventCountry "BRA"]
[SourceTitle "CBM 193 Extra"]
[Source "ChessBase"]
[SourceDate "2020.01.31"]
[SourceVersion "1"]
[SourceVersionDate "2020.01.31"]
[SourceQuality "1"]

1. e4 d6 2. d4 Nd7 3. Be3 c6 4. Be2 Qc7 5. Nc3 e5 6. d5 g6 7. h4 Ne7 8. dxc6 bxc6 9. Qd2 Bg7 10. h5 Bb7 11. hxg6 Nxg6 12. 0-0-0 0-0-0 13. Qxd6 Qa5 14. Bg4 Ngf8 15. Qc5 Qxc5 16. Bxc5 Kb8 17. Bxf8 Rhxf8 18. Rxd7 Rxd7 19. Bxd7 h6 20. Nge2 Kc7 21. Bf5 Rd8 22. Rd1 Rh8 23. Rd7+ Kb6 24. Na4+ Ka6 25. Nc5+ Kb6 26. Nxb7 Rf8 27. Nd6 Bf6 28. Rb7+ Ka6 29. Rxf7 Bg5+ 30. f4 Bxf4+ 31. Nxf4 Rd8 32. Bc8+ Kb6 33. Rb7+ Kc5 34. Ne6+ 1-0

[Event "Recife Arraes Memorial 12th"]
[Site "Recife"]
[Date "2019.09.01"]
[Round "5"]
[White "Araujo, Henrique Jose Morai"]
[Black "Leite, Joao Carlos Zirpoli"]
[Result "1-0"]
[WhiteElo "2071"]
[BlackElo "1652"]
[PlyCount "37"]
[EventDate "2019.08.30"]
[EventType "swiss"]
[EventRounds "6"]
[EventCountry "BRA"]
[SourceTitle "EXT 2020"]
[Source "ChessBase"]
[SourceDate "2019.10.17"]
[SourceVersion "1"]
[SourceVersionDate "2019.10.17"]
[SourceQuality "1"]

1. e4 e5 2. Nc3 Nf6 3. Bc4 c6 4. d4 Bb4 5. dxe5 Nxe4 6. Qd4 f5 7. Be3 Qa5 8. Nge2 b5 9. Bd3 c5 10. Qd5 Nxc3 11. bxc3 Bxc3+ 12. Nxc3 Qxc3+ 13. Ke2 Nc6 14. f4 Rb8 15. Bxc5 Bb7 16. e6 Bc8 17. Rhe1 Nb4 18. Qd6 Nc6 19. Kd1 1-0

[Event "Recife Arraes Memorial 12th"]
[Site "Recife"]
[Date "2019.08.31"]
[Round "3"]
[White "Urquiza, Marcello de Albuque"]
[Black "Leite, Joao Carlos Zirpoli"]
[Result "1-0"]
[WhiteElo "2059"]
[BlackElo "1652"]
[PlyCount "53"]
[EventDate "2019.08.30"]
[EventType "swiss"]
[EventRounds "6"]
[EventCountry "BRA"]
[SourceTitle "EXT 2020"]
[Source "ChessBase"]
[SourceDate "2019.10.17"]
[SourceVersion "1"]
[SourceVersionDate "2019.10.17"]
[SourceQuality "1"]

1. e4 e5 2. Nf3 Nc6 3. d4 exd4 4. Nxd4 Bc5 5. Nb3 Bb6 6. a4 Qf6 7. Qe2 a6 8. Nc3 Nge7 9. Nd5 Nxd5 10. exd5+ Ne7 11. h4 d6 12. Bg5 Qe5 13. Qxe5 dxe5 14. c4 Nf5 15. c5 Ba7 16. Bc4 h6 17. Bd2 0-0 18. Bc3 Kh8 19. g4 Nd4 20. Nxd4 exd4 21. Bxd4 Re8+ 22. Kd2 Re4 23. Kc3 Bxg4 24. Rhg1 f6 25. Bd3 Rae8 26. Bxe4 Rxe4 27. Rac1 1-0

[Event "Natal Potiguar op 11th"]
[Site "Natal"]
[Date "2019.06.08"]
[Round "4"]
[White "Araujo, Henrique Jose Morai"]
[Black "Leite, Joao Carlos Zirpoli"]
[Result "1-0"]
[WhiteElo "2080"]
[BlackElo "1649"]
[PlyCount "27"]
[EventDate "2019.06.07"]
[EventType "swiss"]
[EventRounds "6"]
[EventCountry "BRA"]
[SourceTitle "EXT 2020"]
[Source "ChessBase"]
[SourceDate "2019.10.17"]
[SourceVersion "1"]
[SourceVersionDate "2019.10.17"]
[SourceQuality "1"]

1. e4 e5 2. Nf3 Nc6 3. Nc3 Nf6 4. Bb5 Nd4 5. Ba4 Nc6 6. Bxc6 bxc6 7. Nxe5 Nxe4 8. Nxe4 Qe7 9. 0-0 Qxe5 10. Re1 Be7 11. d4 Qa5 12. Bg5 Bxg5 13. Nxg5+ Kf8 14. Qe2 1-0

[Event "Natal Potiguar op 11th"]
[Site "Natal"]
[Date "2019.06.08"]
[Round "3"]
[White "Goncalves, Alice da Silva"]
[Black "Leite, Joao Carlos Zirpoli"]
[Result "0-1"]
[WhiteElo "1410"]
[BlackElo "1649"]
[PlyCount "72"]
[EventDate "2019.06.07"]
[EventType "swiss"]
[EventRounds "6"]
[EventCountry "BRA"]
[SourceTitle "EXT 2020"]
[Source "ChessBase"]
[SourceDate "2019.10.17"]
[SourceVersion "1"]
[SourceVersionDate "2019.10.17"]
[SourceQuality "1"]

1. e4 e5 2. Nf3 Nc6 3. Bb5 a6 4. Ba4 Nf6 5. Nc3 Bc5 6. Bxc6 dxc6 7. d3 h6 8. h3 Bd6 9. 0-0 0-0 10. Be3 Nh7 11. d4 exd4 12. Bxd4 c5 13. Be3 Re8 14. Qe2 Nf6 15. e5 Bxe5 16. Nxe5 Rxe5 17. Rad1 Qe7 18. Rfe1 Be6 19. a3 Nd5 20. Nxd5 Rxd5 21. Rxd5 Bxd5 22. Qh5 Rd8 23. Kf1 Qe4 24. f3 Qxc2 25. Re2 Bc4 26. f4 Rd1+ 27. Kf2 Bxe2 28. Qxe2 Qxe2+ 29. Kxe2 Rb1 30. Bxc5 Rxb2+ 31. Kf3 b6 32. Be7 c5 33. Bd8 c4 34. g4 c3 35. Ke3 b5 36. Kd3 Rd2+ 0-1

[Event "Recife Tavares Memorial 2nd"]
[Site "Recife"]
[Date "2019.05.12"]
[Round "5"]
[White "Leite, Joao Carlos Zirpoli"]
[Black "Urquiza, Marcello de Albuque"]
[Result "0-1"]
[WhiteElo "1626"]
[BlackElo "2039"]
[PlyCount "66"]
[EventDate "2019.05.10"]
[EventType "swiss"]
[EventRounds "6"]
[EventCountry "BRA"]
[SourceTitle "CBM 190 Extra"]
[Source "ChessBase"]
[SourceDate "2019.07.15"]
[SourceVersion "1"]
[SourceVersionDate "2019.07.15"]
[SourceQuality "1"]

1. e4 c5 2. Nf3 e6 3. d4 cxd4 4. Nxd4 a6 5. Be2 Nf6 6. e5 Qa5+ 7. Nc3 Qxe5 8. 0-0 Be7 9. f4 Qc7 10. Be3 0-0 11. Qd2 d5 12. Nb3 Nc6 13. g4 d4 14. Nxd4 Rd8 15. Nxc6 Rxd2 16. Nxe7+ Qxe7 17. Bxd2 Qc5+ 18. Kh1 Bd7 19. g5 Bc6+ 20. Bf3 Ng4 21. Bxc6 Qxc6+ 22. Kg1 Qb6+ 23. Kg2 Qxb2 24. Rfc1 Rd8 25. Ne4 Qd4 26. Re1 f5 27. gxf6 Nxf6 28. Bc3 Qd5 29. Rad1 Qxd1 30. Rxd1 Rxd1 31. Bxf6 gxf6 32. Nxf6+ Kg7 33. Ne4 Rc1 0-1

[Event "Recife Rafael Cabral Cup 6th"]
[Site "Recife"]
[Date "2018.09.30"]
[Round "6"]
[White "Souza, Rafael Cabral de"]
[Black "Leite, Joao Carlos Zirpoli"]
[Result "1-0"]
[WhiteElo "2125"]
[BlackElo "1604"]
[PlyCount "31"]
[EventDate "2018.09.28"]
[EventType "swiss"]
[EventRounds "6"]
[EventCountry "BRA"]
[SourceTitle "EXT 2020"]
[Source "ChessBase"]
[SourceDate "2019.10.17"]
[SourceVersion "1"]
[SourceVersionDate "2019.10.17"]
[SourceQuality "1"]

1. e4 e5 2. Nf3 Nc6 3. Bc4 Bc5 4. d4 exd4 5. Ng5 Nh6 6. Nxf7 Nxf7 7. Bxf7+ Kf8 8. Bb3 Qf6 9. 0-0 d6 10. c3 Ne5 11. cxd4 Bxd4 12. Nc3 Qg6 13. Kh1 Bxc3 14. f4 Ke7 15. bxc3 Bh3 16. Qc2 1-0

[Event "Recife Araujo Cup 5th"]
[Site "Recife"]
[Date "2018.05.06"]
[Round "6"]
[White "Leite, Joao Carlos Zirpoli"]
[Black "Nunes, Marcelo Basilio"]
[Result "0-1"]
[WhiteElo "1622"]
[BlackElo "1949"]
[PlyCount "84"]
[EventDate "2018.05.04"]
[EventType "swiss"]
[EventRounds "6"]
[EventCountry "BRA"]
[SourceTitle "EXT 2019"]
[Source "ChessBase"]
[SourceDate "2018.10.10"]
[SourceVersion "1"]
[SourceVersionDate "2018.10.10"]
[SourceQuality "1"]

1. e4 c5 2. Nf3 e6 3. Nc3 a6 4. d4 cxd4 5. Nxd4 Qc7 6. Be2 Bb4 7. Bd2 Nf6 8. f3 b5 9. a3 Bc5 10. Nb3 Ba7 11. f4 d6 12. Bf3 Bb7 13. Qe2 e5 14. f5 Nbd7 15. g4 Nb6 16. g5 Nfd7 17. Qg2 Nc4 18. 0-0-0 Rc8 19. f6 g6 20. Bg4 Rb8 21. Bxd7+ Qxd7 22. h4 Rc8 23. h5 0-0 24. hxg6 fxg6 25. Rh6 Rf7 26. Rdh1 a5 27. Qh2 Rc7 28. Rxg6+ Kh8 29. Ne2 Nxd2 30. Nxd2 Be3 31. Ng3 Qc8 32. c3 b4 33. Kd1 Qg4+ 34. Kc2 bxc3 35. bxc3 Bxd2 36. Qxd2 Bxe4+ 37. Nxe4 Qxe4+ 38. Qd3 Qxh1 39. Rg7 Qg2+ 40. Kb3 Rb7+ 41. Ka4 Qc6+ 42. Kxa5 Ra7+ 0-1

[Event "Joao Pessoa Fischer Memorial 9th"]
[Site "Joao Pessoa"]
[Date "2018.03.18"]
[Round "5"]
[White "Leite, Joao Carlos Zirpoli"]
[Black "Da Silva, Gerson Lennon Cabra"]
[Result "0-1"]
[WhiteElo "1643"]
[BlackElo "1353"]
[PlyCount "30"]
[EventDate "2018.03.16"]
[EventType "swiss"]
[EventRounds "6"]
[EventCountry "BRA"]
[SourceTitle "CBM 183 Extra"]
[Source "ChessBase"]
[SourceDate "2018.04.19"]
[SourceVersion "1"]
[SourceVersionDate "2018.04.19"]
[SourceQuality "1"]

1. e4 c6 2. d4 d5 3. e5 Bf5 4. Nc3 e6 5. g4 Bg6 6. Nge2 Nd7 7. h4 h5 8. Nf4 Be4 9. Nxe4 dxe4 10. g5 c5 11. Be3 cxd4 12. Bxd4 Bc5 13. Bb5 Qa5+ 14. Qd2 Qxd2+ 15. Kxd2 Bxd4 0-1

[Event "Recife Arraes Memorial 10th"]
[Site "Recife"]
[Date "2017.10.06"]
[Round "2"]
[White "Macedo, Alexandre Soares"]
[Black "Leite, Joao Carlos Zirpoli"]
[Result "1-0"]
[WhiteElo "1861"]
[BlackElo "1629"]
[PlyCount "85"]
[EventDate "2017.10.06"]
[EventType "swiss"]
[EventRounds "6"]
[EventCountry "BRA"]
[SourceTitle "CBM 181 Extra"]
[Source "ChessBase"]
[SourceDate "2017.12.12"]
[SourceVersion "1"]
[SourceVersionDate "2017.12.12"]
[SourceQuality "1"]

1. b4 e5 2. Bb2 d6 3. c4 Nf6 4. a3 g6 5. Nc3 Nbd7 6. d3 Bg7 7. Nf3 0-0 8. Qc2 Nh5 9. g3 Ndf6 10. Bg2 Ng4 11. h3 Nh6 12. Bc1 c6 13. Bd2 f6 14. e3 Bh8 15. g4 Ng7 16. Rb1 Be6 17. e4 Nf7 18. d4 Bxc4 19. h4 Ne6 20. Nd1 Ba6 21. d5 Ng7 22. a4 b5 23. Qxc6 Qc8 24. Bf1 Qxg4 25. Be2 Qxe4 26. Nc3 Qc2 27. Qxa6 bxa4 28. Qxa4 Qf5 29. Qd1 Nh5 30. Nh2 Nf4 31. Bxf4 exf4 32. Qd3 Qe5 33. Nf3 Qe7 34. Nd4 Ne5 35. Qh3 f5 36. Ne6 Rfc8 37. h5 f3 38. Bxf3 Nd3+ 39. Kf1 Rxc3 40. Be2 Nc1 41. Nf4 Rc2 42. Qe3 Nxe2 43. Nxe2 1-0

[Event "Natal Potiguar op"]
[Site "Natal"]
[Date "2017.06.03"]
[Round "3"]
[White "Leite, Joao Carlos Zirpoli"]
[Black "Barbosa, Paulo Eduardo E Sil"]
[Result "0-1"]
[WhiteElo "1636"]
[BlackElo "2279"]
[PlyCount "77"]
[EventDate "2017.06.02"]
[EventType "swiss"]
[EventRounds "6"]
[EventCountry "BRA"]
[SourceTitle "EXT 2018"]
[Source "ChessBase"]
[SourceDate "2017.10.13"]
[SourceVersion "1"]
[SourceVersionDate "2017.10.13"]
[SourceQuality "1"]

1. e4 c5 2. Nf3 g6 3. d4 cxd4 4. Nxd4 Nc6 5. Be3 Bg7 6. Be2 Nf6 7. Nc3 0-0 8. Nb3 d6 9. f4 Be6 10. g4 Rc8 11. g5 Nd7 12. Qd2 a6 13. h4 b5 14. a3 Na5 15. Nd4 Nc4 16. Bxc4 Rxc4 17. h5 Bg4 18. hxg6 hxg6 19. Qh2 Bh5 20. Rd1 Qb6 21. Nd5 Qd8 22. Nf5 Rxe4 23. Ng3 Re6 24. Nxh5 gxh5 25. Qxh5 Re8 26. f5 Re5 27. g6 fxg6 28. Qh7+ Kf8 29. Qxg6 e6 30. Rh7 Re7 31. Nxe7 Qxe7 32. Ke2 exf5 33. Qg3 Nf6 34. Rh4 Ng4 35. Rd3 Nxe3 36. Rxe3 Rxe3+ 37. Qxe3 Qxh4 38. Qe6 Qe4+ 39. Qxe4 0-1

[Event "Recife op 4th"]
[Site "Recife"]
[Date "2017.04.23"]
[Round "6"]
[White "Leite, Joao Carlos Zirpoli"]
[Black "Frankental, David"]
[Result "0-1"]
[WhiteElo "1664"]
[BlackElo "1865"]
[PlyCount "66"]
[EventDate "2017.04.20"]
[EventType "swiss"]
[EventRounds "6"]
[EventCountry "BRA"]
[SourceTitle "EXT 2018"]
[Source "ChessBase"]
[SourceDate "2017.10.13"]
[SourceVersion "1"]
[SourceVersionDate "2017.10.13"]
[SourceQuality "1"]

1. e4 c5 2. Nf3 Nf6 3. Nc3 Nc6 4. d4 cxd4 5. Nxd4 g6 6. Be2 Bg7 7. Nb3 d6 8. Be3 Bd7 9. 0-0 0-0 10. f4 Rc8 11. g4 Ne8 12. Qd2 f5 13. exf5 gxf5 14. g5 a6 15. h4 b5 16. a3 Na5 17. h5 Bxc3 18. bxc3 Nc4 19. Bxc4+ Rxc4 20. Bd4 Ng7 21. Bxg7 Kxg7 22. h6+ Kh8 23. Rae1 e5 24. Qxd6 Rf7 25. Qxe5+ Kg8 26. Nd4 Rxc3 27. Ne6 Qb6+ 28. Nd4 Rxa3 29. Rf2 Ra4 30. g6 hxg6 31. c3 Kh7 32. Rg2 Rc4 33. Kh1 Rc5 0-1

[Event "Recife Arraes Memorial 9th"]
[Site "Recife"]
[Date "2016.10.23"]
[Round "5.26"]
[White "Leite, Joao Carlos Zirpoli"]
[Black "Da Silva, Antonio Dutra"]
[Result "1-0"]
[WhiteElo "1634"]
[BlackElo "1785"]
[PlyCount "79"]
[EventDate "2016.10.21"]
[EventType "swiss"]
[EventRounds "6"]
[EventCountry "BRA"]
[SourceTitle "EXT 2022"]
[Source "ChessBase"]
[SourceDate "2021.10.06"]
[SourceVersion "1"]
[SourceVersionDate "2021.10.06"]
[SourceQuality "1"]

1. e4 c6 2. d4 d5 3. e5 Bf5 4. Nc3 e6 5. g4 h6 6. gxf5 exf5 7. h4 Ne7 8. Nf3 Qb6 9. Bd2 Nd7 10. Na4 Qc7 11. Qe2 b5 12. Nc3 Nb6 13. e6 f6 14. a4 b4 15. Nd1 a5 16. b3 g6 17. Nb2 Bg7 18. c4 0-0 19. c5 Nbc8 20. Nd3 Re8 21. Bf4 Qb7 22. Qe3 h5 23. Bh6 Kh7 24. Bxg7 Kxg7 25. Be2 Kh7 26. Rg1 Rg8 27. Nf4 Rg7 28. Nh2 Ng8 29. Qf3 Qc7 30. Rg2 Nh6 31. Kd2 Qe7 32. Rag1 Ng4 33. Nxg4 fxg4 34. Qd3 Kh6 35. Bxg4 hxg4 36. Rxg4 g5 37. hxg5+ Rxg5 38. Rh1+ Kg7 39. Rxg5+ fxg5 40. Qg6+ 1-0

[Event "Brasilia Terraviva op"]
[Site "Brasilia"]
[Date "2016.04.23"]
[Round "4"]
[White "Leite, Joao Carlos Zirpoli"]
[Black "Baeta, Marcio Netto"]
[Result "0-1"]
[WhiteElo "1671"]
[BlackElo "1977"]
[PlyCount "56"]
[EventDate "2016.04.21"]
[EventType "swiss"]
[EventRounds "7"]
[EventCountry "BRA"]
[SourceTitle "CBM 172 Extra"]
[Source "ChessBase"]
[SourceDate "2016.06.21"]
[SourceVersion "1"]
[SourceVersionDate "2016.06.21"]
[SourceQuality "1"]

1. e4 Nf6 2. e5 Nd5 3. c4 Nb6 4. d4 d6 5. f4 dxe5 6. fxe5 c5 7. Nf3 cxd4 8. Nxd4 Nc6 9. c5 Qxd4 10. cxb6 Qxe5+ 11. Qe2 Qa5+ 12. Nc3 Qxb6 13. Be3 Qb4 14. a3 Qa5 15. Rd1 e6 16. Rd5 Qc7 17. Nb5 Qb8 18. g3 f6 19. Rd2 a6 20. Nd4 Nxd4 21. Bxd4 Be7 22. Bh3 e5 23. Bxc8 Qxc8 24. Rc2 Qf5 25. g4 Qd7 26. Bb6 Rc8 27. Rxc8+ Qxc8 28. g5 Qc6 0-1